| 000 | 01162nam a2200337 i 4500 | ||
|---|---|---|---|
| 001 | 26356 | ||
| 003 | KOSZ 005 | ||
| 005 | 20200406140824.0 | ||
| 008 | 080312s1963 pl a f |000 0 pol | ||
| 015 | _aPB 1963/5271 | ||
| 035 | _a(OCoLC)812765309 | ||
| 040 |
_aWA N _cWA N _dKOSZ 005/EC |
||
| 046 | _k1963 | ||
| 080 | _a664+63 | ||
| 080 | _a539 | ||
| 650 | 4 | _aKonserwacja żywności | |
| 650 | 4 | _aPromieniowanie jonizujące | |
| 710 | 2 |
_aWydawnictwo Przemysłu Lekkiego i Spożywczego _4pbl. |
|
| 999 |
_c26356 _d26356 |
||
| 999 | _bRETROZLmr | ||
| 100 | 1 |
_aBednarczyk, Władysław. _eAutor |
|
| 245 | 1 | 0 |
_aUtrwalanie żywności promieniowaniem jonizującym : _bstan badań i perspektywy / _cWładysław Bednarczyk. |
| 260 |
_aWarszawa : _bWydawnictwo Przemysłu Lekkiego i Spożywczego, _c1963. |
||
| 300 |
_a287, [1] s. : _bil. ; _c23 cm. |
||
| 380 | _aKsiążki. | ||
| 388 | _a1901-2000 | ||
| 388 | _a1945-1989 | ||
| 504 | _aBibliogr. | ||
| 521 | 8 | _aDla pracowników naukowych i inżynierów techników. | |
| 856 |
_uhttp://koha.tu.koszalin.pl/cgi-bin/koha/opac-detail.pl?biblionumber=26356 _yKatalog online BPK |
||
| 942 |
_2UKD _cKS |
||